|
|
|
|
| LEADER |
00000nab a2200000uu 4500 |
| 001 |
vtls010876012 |
| 003 |
SK-MaSNL |
| 005 |
20260303163056.0 |
| 008 |
230303|1965 xo |||||||||||||||||cze| |
| 015 |
|
|
|a SNBRB
|
| 035 |
|
|
|a (urnnbn)urn:nbn:sk:snk:ar-0061mc
|
| 035 |
|
|
|a (uuid)88a63697-9417-41c5-a91f-41dace4a27e1
|
| 035 |
|
|
|a urn:nbn:sk:snk-ab7pqx
|
| 040 |
|
|
|a SNKBUCL
|b slo
|c SNKBUCL
|e AACR2
|
| 041 |
0 |
|
|a cze
|
| 044 |
|
|
|a xo
|c SK
|
| 100 |
1 |
|
|a Kohout, J.
|4 aut
|9 784957
|
| 245 |
1 |
0 |
|a M. J. Sienko: FRESHMAN CHEMISTRY PROBLEMS AND HOW TO SOLVE THEM.
|c J. Kohout
|
| 773 |
0 |
|
|t Chemické zvesti
|g Roč. 19, č. 4 (1965), s. 319-321
|
| 958 |
|
|
|a OND
|
| 958 |
|
|
|a EUIPO
|
| 958 |
|
|
|a article8
|
| 999 |
|
|
|c 2058722
|d 2060652
|